[Event "FIN-ch (Women)"]
[Site "Helsinki"]
[Date "2024.03.28"]
[Round "1"]
[White "Keinanen, Anastasia"]
[Black "Puuska, Heini"]
[Result "1-0"]
[WhiteElo "2243"]
[BlackElo "1963"]
[PlyCount "81"]
[EventDate "2024.03.28"]
[EventType "tourn"]
[EventRounds "7"]
[EventCountry "FIN"]
[SourceTitle "CB15_2024"]
[SourceDate "2024.04.10"]
[SourceVersion "1"]
[SourceVersionDate "2024.04.10"]
[SourceQuality "1"]

1. e4 c5 2. Nf3 e6 3. c3 Nf6 4. e5 Nd5 5. Bc4 Nb6 6. Bb3 d6 7. exd6 Bxd6 8. d4 0-0 9. Be3 Qe7 10. Nbd2 cxd4 11. Nxd4 Nd5 12. Bxd5 exd5 13. N2b3 Bf4 14. Nc2 Bf5 15. Nbd4 Be4 16. Bxf4 Bxc2+ 17. Qe2 Qxe2+ 18. Kxe2 Re8+ 19. Kd2 Bg6 20. Bxb8 Raxb8 21. b4 a6 22. a4 Kf8 23. a5 Ke7 24. h4 h6 25. Rae1+ Kd6 26. Rxe8 Rxe8 27. h5 Bh7 28. f3 Re5 29. g4 f5 30. gxf5 Ke7 31. b5 Kf6 32. bxa6 bxa6 33. f4 Re4 34. Rb1 Rxf4 35. Rb6+ Kg5 36. Ne6+ Kxf5 37. Nxf4 Kxf4 38. Rxa6 Kg5 39. Ra7 Be4 40. Rxg7+ Kxh5 41. Ke3 1-0

[Event "Krakow op-A 34th"]
[Site "Krakow"]
[Date "2024.01.03"]
[Round "8"]
[White "Kozak, Antoni"]
[Black "Keinanen, Anastasia"]
[Result "1-0"]
[WhiteElo "2442"]
[BlackElo "2227"]
[PlyCount "81"]
[EventDate "2023.12.27"]
[EventType "swiss"]
[EventRounds "9"]
[EventCountry "POL"]
[SourceTitle "CB02_2024"]
[SourceDate "2024.01.10"]
[SourceVersion "1"]
[SourceVersionDate "2024.01.10"]
[SourceQuality "1"]

1. Nf3 Nf6 2. c4 g6 3. Nc3 Bg7 4. e4 d6 5. d4 0-0 6. Be2 e5 7. 0-0 Nc6 8. d5 Ne7 9. Ne1 Nd7 10. Nd3 f5 11. f3 f4 12. b4 a5 13. Ba3 c6 14. dxc6 bxc6 15. b5 c5 16. Nb2 Nf6 17. Nba4 Be6 18. Qd2 Ra7 19. Rab1 Rd7 20. Nd5 g5 21. Ndb6 Rb7 22. Rfd1 Rxb6 23. Nxb6 Qxb6 24. Qxd6 Qxd6 25. Rxd6 Kf7 26. Bxc5 Nd7 27. Bf2 Rc8 28. Ra6 Bf8 29. Rxa5 Rb8 30. Rc1 Nc8 31. c5 Be7 32. Ra6 Rb7 33. c6 Rc7 34. b6 Ndxb6 35. Bxb6 Nxb6 36. Rxb6 Bxa2 37. Rb7 Rc8 38. Ba6 Be6 39. Rxe7+ Kxe7 40. Bxc8 Bxc8 41. Rd1 1-0

[Event "EU-chT (Women) 24th"]
[Site "Budva"]
[Date "2023.11.18"]
[Round "7.1"]
[White "Keinanen, Anastasia"]
[Black "Prudnykova, Olga"]
[Result "1-0"]
[WhiteElo "2211"]
[BlackElo "2273"]
[PlyCount "71"]
[EventDate "2023.11.11"]
[EventType "team-swiss"]
[EventRounds "9"]
[EventCountry "MNE"]
[SourceTitle "CB47_2023"]
[SourceDate "2023.11.22"]
[SourceVersion "1"]
[SourceVersionDate "2023.11.22"]
[SourceQuality "1"]
[WhiteTeam "Finland (W)"]
[BlackTeam "Iceland (W)"]
[WhiteTeamCountry "FIN"]
[BlackTeamCountry "ISL"]

1. e4 c5 2. Nf3 Nf6 3. e5 Nd5 4. Nc3 Nxc3 5. dxc3 Nc6 6. Bf4 Qb6 7. b3 h6 8. h4 Qc7 9. Qd2 e6 10. Be2 b6 11. h5 Bb7 12. a4 a6 13. Rh4 0-0-0 14. 0-0-0 Ne7 15. Bd3 Nd5 16. Bg3 f5 17. Kb2 Be7 18. Rhh1 Kb8 19. Nh4 f4 20. Bxf4 Nxf4 21. Qxf4 Rhf8 22. Qg3 d5 23. Ng6 c4 24. Be2 cxb3 25. cxb3 Qc5 26. Nxe7 Rxf2 27. Rhe1 d4 28. cxd4 Rxd4 29. Rxd4 Qxd4+ 30. Qc3 Qe4 31. Qc4 Qxe5+ 32. Ka3 b5 33. axb5 axb5 34. Qxb5 Qc3 35. Qb4 Qe3 36. Ba6 1-0

[Event "EU-chT (Women) 24th"]
[Site "Budva"]
[Date "2023.11.15"]
[Round "5.1"]
[White "Keinanen, Anastasia"]
[Black "Dolgova, Olga"]
[Result "1-0"]
[WhiteElo "2211"]
[BlackElo "2218"]
[PlyCount "63"]
[EventDate "2023.11.11"]
[EventType "team-swiss"]
[EventRounds "9"]
[EventCountry "MNE"]
[SourceTitle "CB47_2023"]
[SourceDate "2023.11.22"]
[SourceVersion "1"]
[SourceVersionDate "2023.11.22"]
[SourceQuality "1"]
[WhiteTeam "Finland (W)"]
[BlackTeam "Norway (W)"]
[WhiteTeamCountry "FIN"]
[BlackTeamCountry "NOR"]

1. e4 c6 2. d4 d5 3. Nc3 dxe4 4. Nxe4 Nf6 5. Nxf6+ exf6 6. c3 Bd6 7. Bd3 0-0 8. Ne2 Re8 9. Qc2 h5 10. Be3 Nd7 11. 0-0-0 b5 12. Kb1 Nb6 13. h3 Nd5 14. Bd2 Rb8 15. g4 h4 16. Rhg1 Bh2 17. Rg2 Bd6 18. g5 Bxh3 19. Rgg1 b4 20. c4 Nc3+ 21. Nxc3 bxc3 22. Qxc3 f5 23. c5 Bh2 24. g6 Bxg1 25. gxf7+ Kxf7 26. Bc4+ Kf8 27. Rxg1 Bg4 28. f3 Bh5 29. d5 Qe7 30. Bf4 Rbd8 31. d6 Qb7 32. Qf6+ 1-0

[Event "RUS-chT Blitz (Women)"]
[Site "Sochi"]
[Date "2023.10.17"]
[Round "4.15"]
[White "Garmash, Aliona"]
[Black "Keinanen, Anastasia"]
[Result "0-1"]
[WhiteElo "2070"]
[BlackElo "2198"]
[PlyCount "61"]
[EventDate "2023.10.17"]
[EventType "team-tourn (blitz)"]
[EventRounds "13"]
[EventCountry "RUS"]
[SourceTitle "Mega2024 Update 01"]
[Source "Chessbase"]
[SourceDate "2023.11.12"]
[SourceVersion "1"]
[SourceVersionDate "2023.11.12"]
[SourceQuality "1"]
[WhiteTeam "St Petersburg SShOR (W) II"]
[BlackTeam "St Petersburg SSHOR (W)"]
[WhiteTeamCountry "RUS"]
[BlackTeamCountry "RUS"]

1. e4 e5 2. Nf3 Nc6 3. Bb5 a6 4. Ba4 d6 5. c3 Bd7 6. d4 g6 7. 0-0 Bg7 8. d5 Nce7 9. Bc2 h6 10. c4 f5 11. Nc3 Nf6 12. c5 0-0 13. cxd6 cxd6 14. Re1 f4 15. Bb3 Kh7 16. h3 g5 17. Bc2 g4 18. hxg4 Bxg4 19. Bxf4 Ng6 20. Be3 Nh4 21. Bd3 Nh5 22. Ng5+ hxg5 23. Qxg4 Nf4 24. Bf1 Qf6 25. Bxf4 Qxf4 26. Qxf4 exf4 27. f3 Bd4+ 28. Kh1 Kg7 29. Red1 Ba7 30. Ne2 Nf5 31. g4 0-1

[Event "RUS-chT Blitz (Women)"]
[Site "Sochi"]
[Date "2023.10.17"]
[Round "5.15"]
[White "Keinanen, Anastasia"]
[Black "Travkina, Anastasia"]
[Result "0-1"]
[WhiteElo "2198"]
[BlackElo "2202"]
[PlyCount "136"]
[EventDate "2023.10.17"]
[EventType "team-tourn (blitz)"]
[EventRounds "13"]
[EventCountry "RUS"]
[SourceTitle "Mega2024 Update 01"]
[Source "Chessbase"]
[SourceDate "2023.11.12"]
[SourceVersion "1"]
[SourceVersionDate "2023.11.12"]
[SourceQuality "1"]
[WhiteTeam "St Petersburg SSHOR (W)"]
[BlackTeam "Rostov Nastavnik (W)"]
[WhiteTeamCountry "RUS"]
[BlackTeamCountry "RUS"]

1. e4 c5 2. Nf3 d6 3. d4 cxd4 4. Nxd4 Nf6 5. Nc3 g6 6. Be3 Bg7 7. f3 0-0 8. Bc4 Nc6 9. Bb3 Bd7 10. Qd2 Na5 11. 0-0-0 Rb8 12. h4 b5 13. h5 Nc4 14. Bxc4 bxc4 15. Nd5 Nxd5 16. exd5 Qb6 17. Qc3 Qa6 18. Kb1 Rb7 19. Ka1 Rfb8 20. Rb1 Rb4 21. a3 Ra4 22. hxg6 fxg6 23. Ka2 Qa5 24. Qxa5 Rxa5 25. Nc6 Bxc6 26. dxc6 Rc8 27. c3 Rxc6 28. Rbd1 a6 29. Rh4 Re5 30. Bd4 Re2 31. Bxg7 Kxg7 32. g4 Rb6 33. Rb1 g5 34. Rh5 h6 35. Rhh1 Rf2 36. Rhe1 e5 37. Re3 Kf6 38. Ka1 d5 39. Ka2 d4 40. cxd4 exd4 41. Re4 Rd6 42. Rd1 c3 43. Rexd4 Rxb2+ 44. Ka1 Rxd4 45. Rxd4 Ke5 46. Rc4 Rc2 47. Kb1 Rb2+ 48. Ka1 Rb3 49. Ka2 Rb6 50. Rxc3 Kd4 51. Rc8 Ke3 52. Rf8 Rd6 53. Kb3 Rb6+ 54. Kc4 Kf2 55. a4 a5 56. Kc5 Rb4 57. Rf6 Rxa4 58. Kb5 Ra1 59. Rxh6 Kxf3 60. Rd6 Kxg4 61. Rd4+ Kg3 62. Rd8 g4 63. Kc4 a4 64. Ra8 a3 65. Kd3 Kg2 66. Ke2 g3 67. Ra7 a2 68. Ra8 Rf1 0-1

[Event "FIN-chT 2324"]
[Site "Finland"]
[Date "2023.09.23"]
[Round "1.4"]
[White "Keinanen, Anastasia"]
[Black "Kurkijarvi, Mikko"]
[Result "1-0"]
[WhiteElo "2193"]
[BlackElo "2038"]
[PlyCount "67"]
[EventDate "2023.09.23"]
[EventType "team-tourn"]
[EventRounds "12"]
[EventCountry "FIN"]
[SourceTitle "EXT 2024"]
[Source "ChessBase"]
[SourceDate "2023.10.10"]
[SourceVersion "1"]
[SourceVersionDate "2023.10.10"]
[SourceQuality "1"]
[WhiteTeam "Espoo MatSK"]
[BlackTeam "Espoo MatSK II"]
[WhiteTeamCountry "FIN"]
[BlackTeamCountry "FIN"]

1. e4 d5 2. exd5 Qxd5 3. Nc3 Qd8 4. d4 Nf6 5. Nf3 Bg4 6. h3 Bxf3 7. Qxf3 c6 8. Be3 e6 9. Bc4 Bb4 10. 0-0 Nbd7 11. Rad1 Nb6 12. Bb3 Nbd5 13. Bd2 Nxc3 14. bxc3 Be7 15. Bf4 Nd5 16. Be5 0-0 17. c4 Nb6 18. a4 Nd7 19. Bf4 Bf6 20. d5 cxd5 21. cxd5 e5 22. Be3 b6 23. d6 Nc5 24. Bxc5 bxc5 25. Qb7 Qb6 26. Bxf7+ Kh8 27. Qd5 Rad8 28. d7 Qa5 29. Be8 Qxa4 30. Qxc5 Rg8 31. c4 e4 32. Qd5 Rgxe8 33. dxe8Q+ Rxe8 34. Qb5 1-0

[Event "Heart of Finland op 31st"]
[Site "Jyvaskyla"]
[Date "2023.07.23"]
[Round "9"]
[White "Lonnqvist, Henrik"]
[Black "Keinanen, Anastasia"]
[Result "0-1"]
[WhiteElo "2034"]
[BlackElo "2224"]
[PlyCount "56"]
[EventDate "2023.07.17"]
[EventType "swiss"]
[EventRounds "9"]
[EventCountry "FIN"]
[SourceTitle "CBM 215 Extra"]
[Source "ChessBase"]
[SourceDate "2023.09.30"]
[SourceVersion "1"]
[SourceVersionDate "2023.09.30"]
[SourceQuality "1"]

1. e4 c6 2. d4 d5 3. Nc3 dxe4 4. Nxe4 Bf5 5. Ng3 Bg6 6. Nf3 Nd7 7. h4 h6 8. Bd3 Bxd3 9. Qxd3 e6 10. Bd2 Ngf6 11. 0-0-0 Be7 12. Kb1 0-0 13. Ng5 Re8 14. Nh5 Qb6 15. Nxg7 Kxg7 16. Qg3 hxg5 17. hxg5 Ne4 18. Rh7+ Kxh7 19. Qh4+ Kg8 20. Qxe4 Nf8 21. Rh1 Ng6 22. Bf4 Bf8 23. Be5 Bg7 24. Bf6 Bxf6 25. gxf6 Qd8 26. Qf3 Qxd4 27. g4 Qf4 28. Qc3 e5 0-1

[Event "Heart of Finland op 31st"]
[Site "Jyvaskyla"]
[Date "2023.07.20"]
[Round "5"]
[White "Keinanen, Toivo"]
[Black "Keinanen, Anastasia"]
[Result "1-0"]
[WhiteElo "2504"]
[BlackElo "2224"]
[PlyCount "95"]
[EventDate "2023.07.17"]
[EventType "swiss"]
[EventRounds "9"]
[EventCountry "FIN"]
[SourceTitle "CBM 215 Extra"]
[Source "ChessBase"]
[SourceDate "2023.09.30"]
[SourceVersion "1"]
[SourceVersionDate "2023.09.30"]
[SourceQuality "1"]

1. g3 e5 2. Bg2 Nc6 3. d3 g6 4. c4 Bg7 5. Nc3 d6 6. Nf3 f5 7. Rb1 a5 8. a3 Nf6 9. b4 axb4 10. axb4 h6 11. 0-0 Qd7 12. b5 Nd8 13. c5 Qe7 14. cxd6 cxd6 15. Na4 Be6 16. Nb6 Ra2 17. Nc4 0-0 18. Nfd2 Nd7 19. Qb3 Ra8 20. Ba3 Nc5 21. Bxc5 dxc5 22. Qc2 Nf7 23. Nb3 Kh7 24. Rfc1 f4 25. Nb6 Ng5 26. Nxa8 Qf6 27. f3 Rxa8 28. Nxc5 e4 29. dxe4 fxg3 30. hxg3 Qd4+ 31. e3 Qxe3+ 32. Qf2 Qxf2+ 33. Kxf2 Bd4+ 34. Ke1 Ra2 35. Nxe6 Nxe6 36. Bh3 Nc5 37. Rd1 Bf2+ 38. Kf1 Bxg3 39. b6 h5 40. Rd5 Rf2+ 41. Kg1 Rc2 42. Rbd1 Bf4 43. e5 Kg7 44. e6 Kf6 45. Re1 Ke7 46. Rd7+ Ke8 47. e7 Rd2 48. Rc7 1-0

[Event "Heart of Finland op 31st"]
[Site "Jyvaskyla"]
[Date "2023.07.17"]
[Round "1"]
[White "Mustonen, Niko"]
[Black "Keinanen, Anastasia"]
[Result "0-1"]
[WhiteElo "1764"]
[BlackElo "2224"]
[PlyCount "80"]
[EventDate "2023.07.17"]
[EventType "swiss"]
[EventRounds "9"]
[EventCountry "FIN"]
[SourceTitle "CBM 215 Extra"]
[Source "ChessBase"]
[SourceDate "2023.09.30"]
[SourceVersion "1"]
[SourceVersionDate "2023.09.30"]
[SourceQuality "1"]

1. e4 c5 2. Nf3 Nc6 3. d4 cxd4 4. Nxd4 g6 5. Nc3 Bg7 6. Be3 Nf6 7. f3 0-0 8. Bc4 d6 9. Qd2 Nxd4 10. Bxd4 Qa5 11. 0-0-0 Be6 12. Bb3 b5 13. Kb1 b4 14. Nd5 Bxd5 15. Bxd5 Rab8 16. Bb3 Nd7 17. h4 h6 18. f4 Nc5 19. Qe3 Nxb3 20. Qxb3 Rb5 21. g4 Bxd4 22. Rxd4 Qb6 23. Qd3 Rc8 24. f5 Rbc5 25. fxg6 fxg6 26. e5 dxe5 27. Rd7 Qe6 28. h5 g5 29. Rd8+ Rxd8 30. Qxd8+ Kg7 31. Rf1 Rc8 32. Qa5 Rxc2 33. Kxc2 Qc4+ 34. Kd2 Qxf1 35. Qxe5+ Qf6 36. Qxf6+ Kxf6 37. Kd3 Ke5 38. Ke3 Kd5 39. b3 e5 40. Kd3 e4+ 0-1